000 00529nam a2200229Ia 4500
003 OSt
005 20220918193019.0
006 a|||||r|||| 00| 0
007 ta
008 220917b |||||||| |||| 00| 0 eng d
024 _a71,513
037 _cTextual
040 _aARTS
_cARTS
_beng
041 _2eng
_aeng
082 _aR4, K2
100 _aZink Sidney
_980851
245 0 _aConcepts of ethics
260 _c1962
650 _aETHICS
942 _hR4, K2
_cTEXL
_2CC
999 _c197586
_d197586